MARC details
| 000 -LEADER |
| fixed length control field |
02524cam a2200397 4500 |
| 001 - CONTROL NUMBER |
| control field |
8022 |
| 003 - CONTROL NUMBER IDENTIFIER |
| control field |
OCoLC |
| 005 - DATE AND TIME OF LATEST TRANSACTION |
| control field |
20181127184917.0 |
| 008 - FIXED-LENGTH DATA ELEMENTS--GENERAL INFORMATION |
| fixed length control field |
850708t19861986cau b s101 0 eng |
| 010 ## - LIBRARY OF CONGRESS CONTROL NUMBER |
| LC control number |
85014860 |
| 020 ## - INTERNATIONAL STANDARD BOOK NUMBER |
| International Standard Book Number |
0520057295 |
| Qualifying information |
(pbk.) |
|
| International Standard Book Number |
9780520057296 |
| Qualifying information |
(pbk.) |
| 082 00 - DEWEY DECIMAL CLASSIFICATION NUMBER |
| Classification number |
306 |
| Edition number |
21 |
| 100 ## - MAIN ENTRY--PERSONAL NAME |
| Personal name |
Clifford, James |
| Numeration |
|
| Titles and words associated with a name |
|
| Dates associated with a name |
|
| Relator term |
editor |
| Fuller form of name |
|
| 245 00 - TITLE STATEMENT |
| Title |
Writing culture : |
| Remainder of title |
the poetics and politics of ethnography : a School of American Research advanced seminar / |
| Statement of responsibility, etc. |
edited by James Clifford and George E. Marcus |
| 246 30 - VARYING FORM OF TITLE |
| Title proper/short title |
Poetics and politics of ethnography |
| 264 #1 - PRODUCTION, PUBLICATION, DISTRIBUTION, MANUFACTURE, AND COPYRIGHT NOTICE |
| Place of production, publication, distribution, manufacture |
Berkeley : |
| Name of producer, publisher, distributor, manufacturer |
University of California Press, |
| Date of production, publication, distribution, manufacture, or copyright notice |
[1986] |
| 300 ## - PHYSICAL DESCRIPTION |
| Extent |
ix, 305 pages ; |
| Dimensions |
24 cm |
| 336 ## - CONTENT TYPE |
| Content type term |
text |
| Content type code |
txt |
| Source |
rdacontent |
| 337 ## - MEDIA TYPE |
| Media type term |
unmediated |
| Media type code |
n |
| Source |
rdamedia |
| 338 ## - CARRIER TYPE |
| Carrier type term |
volume |
| Carrier type code |
nc |
| Source |
rdacarrier |
| 490 1# - SERIES STATEMENT |
| Series statement |
School of American Research advanced seminar series |
| 500 ## - GENERAL NOTE |
| General note |
""Experiments in contemporary anthropology.""--Jacket |
|
| General note |
Revised versions of the papers presented at a seminar held in Santa Fe, N.M., April 1984 |
| 504 ## - BIBLIOGRAPHY, ETC. NOTE |
| Bibliography, etc. note |
Includes bibliographical references (pages 267-294) and index |
| 505 00 - FORMATTED CONTENTS NOTE |
| Title |
Introduction : partial truths / |
| Statement of responsibility |
James Clifford -- |
| Title |
Fieldwork in common places / |
| Statement of responsibility |
Mary Louise Pratt -- |
| Title |
Hermes' dilemma : the masking of subversion in ethnographic description / |
| Statement of responsibility |
Vincent Crapanzano -- |
| Title |
From the door of his tent : the fieldworker and the inquisitor / |
| Statement of responsibility |
Renato Rosaldo -- |
| Title |
On ethnographic allegory / |
| Statement of responsibility |
James Clifford -- |
| Title |
Post-modern ethnography : from document of the occult to occult document / |
| Statement of responsibility |
Stephen A. Tyler -- |
| Title |
The concept of cultural translation in British social anthropology / |
| Statement of responsibility |
Talal Asad -- |
| Title |
Contemporary problems of ethnography in the modern world system / |
| Statement of responsibility |
George E. Marcus -- |
| Title |
Ethnicity and the post-modern arts of memory / |
| Statement of responsibility |
Michael M.J. Fischer -- |
| Title |
Representations are social facts : modernity and post-modernity in anthropology / |
| Statement of responsibility |
Paul Rabinow -- |
| Title |
Afterword : ethnographic writing and anthropological careers / |
| Statement of responsibility |
George E. Marcus |
| 508 ## - CREATION/PRODUCTION CREDITS NOTE |
| Creation/production credits note |
Based on discussions held at a seminar at the School of American Research, Santa Fe, New Mexico, in Apr. 1984 |
| 650 #0 - SUBJECT ADDED ENTRY--TOPICAL TERM |
| Topical term or geographic name entry element |
Ethnology |
| General subdivision |
Authorship |
| Form subdivision |
Congresses |
|
| Topical term or geographic name entry element |
Ethnology |
| General subdivision |
Methodology |
| Form subdivision |
Congresses |
| 655 #7 - INDEX TERM--GENRE/FORM |
| Genre/form data or focus term |
Conference papers and proceedings. |
| Source of term |
|
| Authority record control number |
|
| 700 1# - ADDED ENTRY--PERSONAL NAME |
| Personal name |
Clifford, James, |
| Dates associated with a name |
1945- |
|
| Personal name |
Marcus, George E |
| 710 2# - ADDED ENTRY--CORPORATE NAME |
| Corporate name or jurisdiction name as entry element |
School of American Research (Santa Fe, N.M.) |
| 740 0# - ADDED ENTRY--UNCONTROLLED RELATED/ANALYTICAL TITLE |
| Uncontrolled related/analytical title |
Experiments in contemporary anthropology |
| 830 #0 - SERIES ADDED ENTRY--UNIFORM TITLE |
| Uniform title |
School of American Research advanced seminar series |